Regions of Ancient Greece (with a map) - Statistics

General Stats
  • This quiz has been taken 4,179 times
  • The average score is 15 of 41
Answers on the Map
Answers color-coded by a green-red scale on the quiz's map according to % correct below.
 
Answer Stats
Answer % Correct
Crete
79%
Macedonia
72%
Thrace
69%
Attica
66%
Epirus
60%
Euboea
55%
Corinthia
53%
Cyclades
51%
Thessalia
51%
Illyria
47%
Laconia
47%
Dodecanese
45%
Boeotia
44%
Zakynthos and Kefallenia
42%
Arcadia
39%
Chalcidice
38%
Achaea
37%
Argolis
36%
Messenia
35%
Ionia
34%
Bithynia
32%
Elis
30%
Sporades
30%
Limnos
29%
Lydia
29%
Troad
29%
Acarnania
28%
Phrygia
28%
Megaris
27%
Lycia
23%
Magnesia
22%
Phocis
22%
Aetolia
21%
Caria
20%
Locris
19%
Doris
15%
Mysia
15%
Aeolis
14%
Malis
12%
Dolopia
11%
Aeniania-Oetaea
10%
No matching quizzes found
Score Distribution
Percent of People with Each Score
Percentile by Number Answered
Your Score History
You have not taken this quiz